[Event "URS-ch U20"]
[Site "Sochi"]
[Date "1990.??.??"]
[Round "?"]
[White "Maljutin, Evgeni"]
[Black "Rublevsky, Sergei"]
[Result "1-0"]
[WhiteElo "2340"]
[BlackElo "2300"]

1.e4 e5 2.Nf3 Nc6 3.Bb5 Nf6 4.O-O Nxe4 5.d4 a6 6.Bxc6 dxc6 7.Qe2 Bf5 8.g4 Bg6
9.Nxe5 Qxd4 10.Nxg6 hxg6 11.Nc3 f5 12.Bf4 O-O-O 13.Rad1 Qf6 14.Rxd8+ Kxd8
15.Nxe4 fxe4 16.Qxe4 Bd6 17.Rd1 Kc8 18.Bg3 g5 19.c3 Qh6 20.Qe3 Bxg3 21.Qxg3 Qe6
22.Qf3 Qh6 23.Qf5+ Kb8 24.Qe5 Qh3 25.Qg3 Qh7 26.Rd3 Re8 27.Qf3 Qg8 28.b3 Re1+
29.Kg2 Qe8 30.Re3 Rxe3 31.fxe3 Qd8 32.Kh3 Qd3 33.Qf8+ Ka7 34.Qc5+ b6 35.Qxg5 Qf1+
36.Kg3 Qg1+ 37.Kf3 Qh1+ 38.Kg3 Qg1+ 39.Kf4 Qxh2+ 40.Kf5 Qc2+ 41.e4 Qxc3 42.e5 Qc2+
43.Ke6 Qxa2 44.Kd7 Kb7 45.e6 Qxb3 46.e7 Qd1+ 47.Ke8 a5 48.Kf8 Qd6 49.Qf5 Qa3
50.Kf7 Qb3+ 51.Qe6 Qf3+ 52.Kg8  1-0

[Event "URS-ch U20"]
[Site "Sochi"]
[Date "1990.??.??"]
[Round "?"]
[White "Petelin, A."]
[Black "Rublevsky, Sergei"]
[Result "1/2-1/2"]
[WhiteElo "2330"]
[BlackElo "2300"]

1.e4 e6 2.d4 d5 3.exd5 exd5 4.Nf3 Nf6 5.Bg5 Be7 6.Bd3 O-O 7.O-O Bg4 8.Nbd2 Nbd7
9.c3 c5 10.Qb1 c4 11.Bf5 Bxf3 12.Nxf3 g6 13.Bc2 Qc7 14.g3 Bd6 15.Nd2 Rfe8
16.Qd1 Kg7 17.Qf3 b5 18.Rfe1 h6 19.Bf4 Bxf4 20.gxf4 Rxe1+ 21.Rxe1 Re8 22.Rxe8 Nxe8
23.f5 g5 24.Nf1 Nef6 25.Ne3 Qd6 26.Qg3 Qxg3+ 27.fxg3 Kf8 28.Kf2  1/2-1/2

[Event "URS-ch U20"]
[Site "Sochi"]
[Date "1990.??.??"]
[Round "?"]
[White "Rublevsky, Sergei"]
[Black "Sakaev, Konstantin"]
[Result "1/2-1/2"]
[WhiteElo "2300"]
[BlackElo "2370"]

1.d4 Nf6 2.Nf3 g6 3.g3 Bg7 4.Bg2 O-O 5.O-O d5 6.c4 c6 7.cxd5 cxd5 8.Ne5 e6
9.Nc3 Nfd7 10.Nf3 Nc6 11.Bf4 Qb6 12.Na4 Qa6 13.b3  1/2-1/2

[Event "URS-chT"]
[Site "Azov"]
[Date "1991.??.??"]
[Round "?"]
[White "Rublevsky, Sergei"]
[Black "Baikov, Vladimir A"]
[Result "1-0"]
[WhiteElo "2420"]
[BlackElo "2355"]

1.e4 c5 2.Nf3 d6 3.d4 cxd4 4.Nxd4 Nf6 5.Nc3 Nc6 6.Bc4 Qb6 7.Nb3 e6 8.O-O Be7
9.Bg5 Ne5 10.Be2 a6 11.Kh1 h6 12.Be3 Qc7 13.f4 Nc4 14.Bxc4 Qxc4 15.e5 dxe5
16.fxe5 Nd5 17.Nxd5 exd5 18.Nd4 O-O 19.Qh5 Bg5 20.b3 Qc3 21.Bxg5 Qxd4 22.Be7 Bg4
23.Qh4 Rfe8 24.Rae1 Qd2 25.Bf6 h5 26.h3 gxf6 27.hxg4 Rxe5 28.Rxe5 fxe5 29.Qxh5 Rf8
30.Rf5 Qe1+ 31.Kh2 Kg7 32.Qg5+ Kh7 33.Rf6  1-0

[Event "URS-chT"]
[Site "Azov"]
[Date "1991.??.??"]
[Round "?"]
[White "Rublevsky, Sergei"]
[Black "Maksimenko, Andrei"]
[Result "1/2-1/2"]
[WhiteElo "2420"]
[BlackElo "2430"]

1.e4 c5 2.Nc3 d6 3.Nge2 Nf6 4.g3 Nc6 5.Bg2 e5 6.d3 Be7 7.O-O O-O 8.f4 Rb8
9.f5 b5 10.Bg5 Ne8 11.Bxe7 Nxe7 12.Qe1 c4 13.g4 b4 14.Nd1 cxd3 15.cxd3 Ba6
16.Qg3 f6 17.Nf2 d5 18.Rfe1 dxe4 19.Nxe4 Qb6+ 20.Qf2 Bxd3 21.Nc5 Bb5 22.Ne6 Rf7
23.Rad1 g6 24.Ng3 Ng7 25.Qxb6 axb6 26.Nxg7 Kxg7 27.fxg6 hxg6 28.g5 Nf5 29.gxf6+ Kxf6
30.Nxf5 gxf5 31.Rd6+ Kg5 32.Rxe5 Rd7 33.Rde6 Bc4 34.Rc6 Rd1+ 35.Kf2 Bxa2
36.Kg3 Rd4 37.Bf3 Bb1 38.h3 Rh8 39.Rxb6 Rdh4 40.Bg4 Rd8 41.Bxf5 Bxf5 42.Rxf5+ Kxf5
43.Rb5+ Kg6 44.Kxh4 Rd4+ 45.Kg3 Rd3+ 46.Kh4 Rd4+ 47.Kg3 Rd3+ 48.Kg4 Rb3 49.Rg5+ Kh6  1/2-1/2

[Event "Cheliabinsk-B"]
[Site "Cheliabinsk"]
[Date "1991.??.??"]
[Round "?"]
[White "Pisulinski, Jan"]
[Black "Rublevsky, Sergei"]
[Result "1-0"]
[WhiteElo "2345"]
[BlackElo "2420"]

1.d4 f5 2.g3 Nf6 3.Bg2 g6 4.Nf3 Bg7 5.O-O O-O 6.c4 d6 7.Nc3 Qe8 8.d5 a5 9.Be3 h6
10.Nb5 Qd8 11.Nfd4 Kh7 12.c5 dxc5 13.Ne6 Bxe6 14.dxe6 Nc6 15.Bxc5 Ne4 16.Bxe4 fxe4
17.Qc2 Rf5 18.Rad1 Qf8 19.Nxc7 Rd8 20.Rd7 Rh5 21.Bb6 Qf5 22.f4 Rf8 23.Rd5 Ne5
24.Qc5 Qh3 25.Rf2 e3 26.Rg2 Rhf5 27.Qxe3 Nc4 28.Qc5 Nxb6 29.Qxb6 Rxd5 30.Nxd5 Qf5
31.Qxb7 Qxe6 32.e4 Rc8 33.e5 Rc1+ 34.Kf2 Qf5 35.Ne3 Qd3 36.Qb3 Qd4 37.Kf3 g5
38.Rc2 Re1 39.Qc3 Qd7 40.Qxe1  1-0

[Event "Cheliabinsk-B"]
[Site "Cheliabinsk"]
[Date "1991.??.??"]
[Round "?"]
[White "Rublevsky, Sergei"]
[Black "Gleizerov, Evgeny"]
[Result "1/2-1/2"]
[WhiteElo "2420"]
[BlackElo "2510"]

1.c4 Nf6 2.d4 d6 3.Nc3 Bf5 4.f3 e5 5.d5 e4 6.g4 Nxg4 7.fxg4 Qh4+ 8.Kd2 e3+
9.Kxe3 Qg5+ 10.Kf2 Qh4+  1/2-1/2

[Event "Cheliabinsk-B"]
[Site "Cheliabinsk"]
[Date "1991.??.??"]
[Round "?"]
[White "Rublevsky, Sergei"]
[Black "Kolasinski, Marek"]
[Result "1-0"]
[WhiteElo "2420"]
[BlackElo "2335"]

1.e4 e5 2.Nf3 Nc6 3.Nc3 d6 4.d4 exd4 5.Nxd4 Nf6 6.Bf4 Be7 7.Qd2 O-O 8.O-O-O Nxd4
9.Qxd4 Be6 10.Qd2 Nd7 11.Kb1 f5 12.exf5 Bxf5 13.g3 Nb6 14.Bd3 Bxd3 15.Qxd3 Bg5
16.Nd5 Bxf4 17.Nxf4 Qd7 18.Qb3+ Kh8 19.h4 Qf7 20.Qf3 d5 21.h5 Kg8 22.Qc3 c6
23.h6 g6 24.Ne6 Rfe8 25.Ng5 Qf8 26.Rd4 Qf6 27.f4 Re7 28.Re4 d4 29.Rxe7 dxc3
30.Rg7+ Kf8 31.Re1  1-0

[Event "Cheliabinsk-B"]
[Site "Cheliabinsk"]
[Date "1991.??.??"]
[Round "?"]
[White "Temirbaev, Serik"]
[Black "Rublevsky, Sergei"]
[Result "1/2-1/2"]
[WhiteElo "2435"]
[BlackElo "2420"]

1.d4 d5 2.c4 dxc4 3.Nf3 a6 4.e3 Nf6 5.Bxc4 e6 6.O-O c5 7.Qe2 b5 8.Bb3 Bb7
9.Rd1 Nbd7 10.Nc3 Qb8 11.d5 Nxd5 12.Nxd5 Bxd5 13.Bxd5 exd5 14.Rxd5 Be7 15.e4  1/2-1/2

[Event "Berliner Sommer"]
[Site "Berlin"]
[Date "1992.??.??"]
[Round "?"]
[White "Rublevsky, Sergei"]
[Black "Grigore, George"]
[Result "1-0"]
[WhiteElo "2535"]
[BlackElo "2410"]

1.e4 c6 2.d4 d5 3.Nd2 dxe4 4.Nxe4 Bf5 5.Nc5 Qc8 6.Nf3 e6 7.Ne5 Nf6 8.g4 Bg6
9.h4 Bxc5 10.dxc5 Nbd7 11.Bf4 O-O 12.Nxd7 Nxd7 13.Bd6 Rd8 14.Qe2 h6 15.O-O-O b6
16.h5 Bh7 17.g5 hxg5 18.h6 g6 19.Qe3 Nf6 20.Qxg5 Ne8 21.Ba6 Qxa6 22.Qe7 Ng7
23.hxg7 Qxa2 24.Qh4 Qa1+ 25.Kd2 Qa5+ 26.Ke3  1-0

[Event "Wch U18"]
[Site "Duisburg"]
[Date "1992.??.??"]
[Round "2"]
[White "Merant, N."]
[Black "Rublevsky, Sergei"]
[Result "0-1"]
[WhiteElo "2305"]
[BlackElo "2535"]

1.e4 c5 2.Nf3 e6 3.d4 cxd4 4.Nxd4 Nc6 5.Nb5 d6 6.c4 Nf6 7.N1c3 a6 8.Na3 b6
9.Be2 Bb7 10.O-O Be7 11.f4 O-O 12.Be3 Re8 13.Bf3 Rc8 14.Rc1 Nd7 15.Qe2 Qc7
16.Rfd1 Na5 17.Nd5 exd5 18.cxd5 Qd8 19.b4 Rxc1 20.Rxc1 b5 21.bxa5 Qxa5 22.Nb1 Bd8
23.Qd2 f5 24.e5 dxe5 25.d6 Bxf3 26.gxf3 Qxd2 27.Nxd2 exf4 28.Bxf4 Kf7 29.Kf1 Bb6
30.Nb3 a5 31.Rc6 a4 32.Nc1 Be3 33.Nd3 Bxf4 34.Nxf4 Re3 35.Rc7 Rxf3+ 36.Kg2 Rxf4
37.Rxd7+ Ke6 38.Rxg7 Rg4+  0-1

[Event "Wch U18"]
[Site "Duisburg"]
[Date "1992.??.??"]
[Round "3"]
[White "Rublevsky, Sergei"]
[Black "Zoler, Dan"]
[Result "0-1"]
[WhiteElo "2535"]
[BlackElo "2370"]

1.e4 e5 2.Nf3 Nc6 3.Nc3 Nf6 4.d4 exd4 5.Nxd4 Bb4 6.Nxc6 bxc6 7.Bd3 d5 8.exd5 cxd5
9.O-O O-O 10.Bg5 c6 11.Na4 Re8 12.c3 Bd6 13.Bh4 c5 14.Bc2 Bb7 15.Qf3 Qe7
16.Qh3 h6 17.Rad1 Rad8 18.f3 g5 19.Bf2 Kg7 20.Qf5 Qc7 21.h3 Re2 22.Qd3 Rde8
23.Rfe1 Bh2+ 24.Kf1 Rxf2+ 25.Kxf2 Bg3+ 26.Kf1 Rxe1+ 27.Rxe1 Bxe1 28.Kxe1 Qd6
29.Kf2 Ba6 30.Qd2 Nh5 31.Kg1 Nf4 32.Kh1 Bf1 33.g3 Ne2 34.Qe1 Nxg3+ 35.Kg1 Bb5
36.c4 Bxc4 37.Nc3 d4 38.Kg2 Bf1+  0-1

[Event "Wch U18"]
[Site "Duisburg"]
[Date "1992.??.??"]
[Round "7"]
[White "Rublevsky, Sergei"]
[Black "Schweda, Roland"]
[Result "1-0"]
[WhiteElo "2535"]
[BlackElo "2235"]

1.e4 c5 2.Nc3 d6 3.Nge2 Nf6 4.d4 cxd4 5.Nxd4 e6 6.Bc4 Be7 7.Bb3 a6 8.g4 d5
9.exd5 Nxd5 10.Nxd5 exd5 11.Nf5 Bxf5 12.gxf5 d4 13.Qh5 O-O 14.Bd2 Nd7 15.Rg1 Kh8
16.O-O-O a5 17.Rg3 Nf6 18.Qg5 Ne8 19.Qg4 Bf6 20.Rh3  1-0

[Event "Wch U18"]
[Site "Duisburg"]
[Date "1992.??.??"]
[Round "8"]
[White "Jonker, Marc"]
[Black "Rublevsky, Sergei"]
[Result "0-1"]
[WhiteElo "2360"]
[BlackElo "2535"]

1.e4 c5 2.Nf3 e6 3.d4 cxd4 4.Nxd4 Nc6 5.Nb5 d6 6.c4 Nf6 7.N1c3 a6 8.Na3 b6
9.Be2 Bb7 10.O-O Be7 11.Be3 Nb8 12.f3 Nbd7 13.Qd2 O-O 14.Rfd1 Qc7 15.Rac1 Rac8
16.Bf1 Qb8 17.Kh1 Kh8 18.Qf2 Bd8 19.Nab1 Bc7 20.g3 Rfe8 21.Nd2 Ne5 22.Na4 d5
23.exd5 exd5 24.Bxb6 dxc4 25.Bxc7 Rxc7 26.Kg1 Bc6 27.b3 Rd7 28.Be2 Bxa4 29.bxa4 Qb4
30.Nf1 Rxd1 31.Rxd1 Qxa4 32.f4 Nd3 33.Qd4 Rxe2 34.Rxd3 Qxa2 35.Rc3 Re4 36.Qd8+ Re8
37.Qd4 Re4 38.Qd8+ Re8 39.Qd4 Rc8 40.Ne3 Qb1+ 41.Kg2 Qa2+ 42.Kh3 Qf2 43.Qb6 h6
44.Rxc4 Rxc4  0-1

[Event "Wch U18"]
[Site "Duisburg"]
[Date "1992.??.??"]
[Round "9"]
[White "Rublevsky, Sergei"]
[Black "Anapolsky, Sergey"]
[Result "1/2-1/2"]
[WhiteElo "2535"]
[BlackElo "2375"]

1.e4 c5 2.Nc3 d6 3.f4 Nc6 4.Nf3 g6 5.Bb5 Bd7 6.O-O Bg7 7.d3 Nf6 8.Qe1 Nd4
9.Bxd7+ Nxd7 10.Qf2 O-O 11.Be3 Nxf3+ 12.Qxf3 b5 13.Rab1 b4 14.Ne2 Qa5 15.Qh3 Rad8
16.f5 Qxa2 17.Bh6 Nf6 18.Nf4 Rfe8 19.Qh4 Bxh6 20.Qxh6 Ng4 21.Qh3 Nf6 22.Qh4 Kg7
23.g4 h6 24.fxg6 fxg6 25.g5 Nh5 26.Ra1 Qg8 27.Nxh5+ gxh5 28.Qxh5 Qe6 29.Rxa7 Qg6
30.Qxg6+ Kxg6 31.gxh6 Kxh6 32.Rf7 e5 33.Kf2 Kg6 34.Rg7+ Kf6 35.Raf7+ Ke6
36.Rf3 Rh8 37.h3 Rh6 38.b3 Ra8 39.Ke3 Ra1 40.Rfg3 Rh1 41.R7g6+ Rxg6 42.Rxg6+ Ke7  1/2-1/2

[Event "Wch U18"]
[Site "Duisburg"]
[Date "1992.??.??"]
[Round "10"]
[White "Rublevsky, Sergei"]
[Black "Gabriel, Christian"]
[Result "1-0"]
[WhiteElo "2535"]
[BlackElo "2490"]

1.e4 e5 2.Nf3 Nc6 3.Nc3 Nf6 4.d4 Bb4 5.Nxe5 Nxe4 6.Qg4 Nxc3 7.Qxg7 Rf8 8.a3 Nxd4
9.axb4 Nxc2+ 10.Kd2 Nxa1 11.Kxc3 a5 12.Bc4 Qe7 13.Re1 d5 14.Bb5+ c6 15.Nxc6 Qxe1+
16.Bd2 Qe4 17.Nb8+ Kd8 18.Qxf8+ Kc7 19.Qc5+  1-0

[Event "Wch U18"]
[Site "Duisburg"]
[Date "1992.??.??"]
[Round "11"]
[White "Sakaev, Konstantin"]
[Black "Rublevsky, Sergei"]
[Result "1/2-1/2"]
[WhiteElo "2540"]
[BlackElo "2535"]

1.d4 d5 2.Nf3 Nf6 3.c4 c6 4.e3 Bf5 5.Bd3 e6 6.O-O Bxd3 7.Qxd3 Nbd7 8.Nc3 Be7
9.e4 dxe4 10.Nxe4 O-O 11.Bf4 Nxe4 12.Qxe4 Qa5 13.Rfd1 Rfd8 14.a3  1/2-1/2

[Event "Helsinki op"]
[Site "Helsinki"]
[Date "1992.??.??"]
[Round "1"]
[White "Rublevsky, Sergei"]
[Black "Erneste, Inguna"]
[Result "1-0"]
[WhiteElo "2535"]
[BlackElo "2365"]

1.e4 e5 2.Nf3 Nc6 3.Nc3 Nf6 4.d4 exd4 5.Nxd4 Bb4 6.Nxc6 bxc6 7.Bd3 d5 8.exd5 cxd5
9.O-O O-O 10.Bg5 c6 11.Na4 Be7 12.Re1 h6 13.Bh4 Rb8 14.c3 d4 15.Qe2 Be6 16.b3 dxc3
17.Nxc3 Rb4 18.Bg3 Rd4 19.Rad1 Bb4 20.Qc2 Qa5 21.Re5 Qb6 22.Na4 Qd8 23.f3 Rd5
24.Rxd5 Bxd5 25.Be4  1-0

[Event "Helsinki op"]
[Site "Helsinki"]
[Date "1992.??.??"]
[Round "4"]
[White "Serper, Grigory"]
[Black "Rublevsky, Sergei"]
[Result "1/2-1/2"]
[WhiteElo "2575"]
[BlackElo "2535"]

1.c4 e5 2.g3 Nc6 3.Bg2 f5 4.Nc3 Nf6 5.e3 g6 6.Nge2 Bg7 7.O-O O-O 8.d3 Kh8
9.b3 Ne7 10.e4 d6 11.exf5 Nxf5 12.d4 exd4 13.Nxd4 Nxd4 14.Qxd4 Bf5 15.Bg5 Qd7
16.Qd2 Rae8 17.Bh6 Bh3 18.Bxg7+ Kxg7 19.Rae1 Bxg2 20.Kxg2 a6 21.Qd4 Kg8 22.Nd5 Nxd5
23.Qxd5+ Qf7 24.Rxe8 Qxd5+ 25.cxd5 Rxe8 26.Rc1 Re7 27.f4 Kf7 28.Kf3 Ke8 29.h4 h5
30.g4 hxg4+ 31.Kxg4 Kf7 32.Kg5 Kg7 33.Rc4 Rf7 34.Kg4 Re7 35.Kg5 Rf7 36.Kg4 Re7
37.a4 a5 38.Kg5 Rf7 39.Kg4 Re7 40.Kg5 Rf7 41.h5 Rf5+ 42.Kg4 Rxh5 43.Rxc7+ Kf6
44.Rxb7 Rxd5 45.Kf3 Rc5 46.Ke4 g5  1/2-1/2

[Event "Helsinki op"]
[Site "Helsinki"]
[Date "1992.??.??"]
[Round "6"]
[White "Piskov, Yury"]
[Black "Rublevsky, Sergei"]
[Result "1/2-1/2"]
[WhiteElo "2500"]
[BlackElo "2535"]

1.d4 d5 2.c4 dxc4 3.e3 Nf6 4.Bxc4 e6 5.Nf3 c5 6.O-O a6 7.a3 b5 8.Ba2 Bb7
9.Qe2 Nbd7 10.Nc3 Qc7 11.Rd1 Bd6 12.dxc5 Nxc5 13.b4 Ncd7 14.Bb2 Rc8 15.Rac1 Qb8
16.e4 O-O 17.g3 Nb6 18.Qe3 Nc4 19.Bxc4 Rxc4 20.Nd2 Rcc8 21.Nb3 Ng4 22.Qe2 Ne5
23.Nb1 Nc4 24.Bd4 Rfd8 25.f3 Qa8 26.Nc5 e5 27.Bf2 Bxc5 28.bxc5 f5 29.Nc3 fxe4
30.fxe4 Nxa3 31.Ra1 Rxd1+ 32.Qxd1 Nc4 33.Nxb5 Bxe4 34.Qe2 Bd5 35.Nd6  1/2-1/2

[Event "Helsinki op"]
[Site "Helsinki"]
[Date "1992.??.??"]
[Round "7"]
[White "Lputian, Smbat G"]
[Black "Rublevsky, Sergei"]
[Result "1-0"]
[WhiteElo "2585"]
[BlackElo "2535"]

1.d4 d5 2.c4 dxc4 3.e3 Nf6 4.Bxc4 e6 5.Nf3 c5 6.Qe2 a6 7.dxc5 Bxc5 8.O-O b5
9.Bd3 Nc6 10.Rd1 Qc7 11.a4 bxa4 12.Nc3 O-O 13.Ne4 Be7 14.Rxa4 Nd5 15.Bd2 Ncb4
16.Nc3 Nxc3 17.Bxc3 Nxd3 18.Rxd3 Bd7 19.Rg4 f6 20.Qd1 Rad8 21.Qb3 Bc8 22.Rgd4 Kh8
23.h3 e5 24.Rxd8 Rxd8 25.Qa4 Bf8 26.Rxd8 Qxd8 27.Bb4 Bd7 28.Qa3 Bxb4 29.Qxb4 Bb5
30.Nd2 h6 31.Ne4 Qd3 32.Ng3 Kh7 33.Kh2 Qg6 34.Qe7 Bc6 35.Qc7 Bb5 36.e4 Qg5
37.Nf5 Bf1 38.g3 Be2 39.h4 Qg6 40.Qd7 Bg4 41.Kg2 h5 42.Qd3 Bxf5 43.exf5 Qg4
44.Qxa6 Qe4+ 45.Kh2 Qxf5 46.Qe2 Kh6 47.b4 g5 48.Qe3 e4 49.Qc5 Qf3 50.b5 Kg6
51.Qe3 Qf5 52.b6 Qd5 53.hxg5 fxg5 54.Qc3 h4 55.gxh4 gxh4 56.Qc7 Qf5 57.Qd6+ Kh5
58.Qd1+ Kg5 59.Qd8+ Kh5 60.Qh8+ Kg4 61.Qg7+ Kh5 62.Qh8+ Kg4 63.Qb2 Qf4+ 64.Kg1 Kf5
65.Qg7 Qc1+ 66.Kg2 Qc6 67.Qf7+ Ke5 68.b7 e3+ 69.Qf3 Qc7 70.Qxe3+ Kf5 71.Qd3+ Kf6
72.Qd4+ Kg5 73.Qb4 h3+ 74.Kxh3 Qd7+ 75.Kg3  1-0

[Event "Helsinki op"]
[Site "Helsinki"]
[Date "1992.??.??"]
[Round "8"]
[White "Rublevsky, Sergei"]
[Black "Norri, Joose"]
[Result "1-0"]
[WhiteElo "2535"]
[BlackElo "2400"]

1.e4 e5 2.Nf3 Nc6 3.Nc3 Nf6 4.d4 exd4 5.Nxd4 Bb4 6.Nxc6 bxc6 7.Bd3 d5 8.exd5 cxd5
9.O-O O-O 10.Bg5 c6 11.Na4 h6 12.Bh4 Re8 13.c4 Rb8 14.Rc1 Bd6 15.b3 Bf4 16.Bg3 Bg4
17.Qc2 Bxc1 18.Bxb8 Qxb8 19.Rxc1 Qe5 20.cxd5 cxd5 21.h3 Be2 22.Nc5 Bxd3 23.Nxd3 Qf5
24.Nb4 Qf4 25.Nd3 Qf5 26.Qd2 Ne4 27.Qe3 Nd6 28.Qd2 d4 29.Rc5 Qe4 30.Ra5 Rc8
31.Re5 Qg6 32.Nc5 Qb1+ 33.Kh2 Qa1 34.Rd5 Nb5 35.a4 Nc3 36.Qxd4 Qe1 37.Nd3 Qd1
38.Nf4 Qxb3 39.Nh5 Qb8+ 40.g3 f6 41.Rd7 Qe5 42.Rxg7+ Kh8 43.Nxf6  1-0

[Event "Helsinki op"]
[Site "Helsinki"]
[Date "1992.??.??"]
[Round "9"]
[White "Rublevsky, Sergei"]
[Black "Savchenko, Stanislav"]
[Result "0-1"]
[WhiteElo "2535"]
[BlackElo "2505"]

1.d4 d5 2.c4 c6 3.Nc3 Nf6 4.Nf3 e6 5.Bg5 dxc4 6.e4 b5 7.e5 h6 8.Bh4 g5 9.Nxg5 hxg5
10.Bxg5 Nbd7 11.g3 Bb7 12.Bg2 Qb6 13.exf6 O-O-O 14.O-O c5 15.d5 b4 16.Na4 Qb5
17.dxe6 Bxg2 18.Kxg2 Qc6+ 19.f3 Qxe6 20.Qc2 Ne5 21.Rae1 Rd4 22.h4 Bd6 23.Be3 Rdxh4
24.gxh4 Rxh4 25.Kg1 Nd3 26.Qg2 Bh2+ 27.Qxh2 Rxh2 28.Kxh2 Nxe1 29.Rxe1 Qxf6
30.Kg2 Qg6+ 31.Kf1 Qd3+ 32.Kg1 Qc2 33.Nxc5 Qxb2 34.Bf4 Qd4+ 35.Be3 Qd5 36.Kf2 c3
37.Re2 a5 38.Rc2 f5 39.Nb3 a4 40.Nc1 f4 41.Bxf4 Qf5 42.Rxc3+ bxc3 43.Be3 Kb7  0-1

[Event "Ostrava"]
[Site "Ostrava"]
[Date "1992.??.??"]
[Round "3"]
[White "Mortensen, Erling"]
[Black "Rublevsky, Sergei"]
[Result "0-1"]
[WhiteElo "2420"]
[BlackElo "2535"]

1.e4 c5 2.Nf3 e6 3.d4 cxd4 4.Nxd4 a6 5.Bd3 Nf6 6.Nc3 Qb6 7.Nb3 Qc7 8.f4 d6
9.g4 h6 10.Qf3 b5 11.Bd2 Bb7 12.O-O-O Nbd7 13.a3 Rc8 14.Qh3 d5 15.exd5 Nxd5
16.Rhf1 Bxa3 17.Kb1 Be7 18.g5 b4 19.Ne4 g6 20.Rde1 h5 21.Nd4 Qb6 22.Nxe6 fxe6
23.Nf6+ N7xf6 24.gxf6 Nxf6 25.Rxe6 Rc6 26.Bxg6+ Kf8 27.Re5 Rc7 28.Rfe1 Qd6
29.Bc1 Bd5 30.b3 Bf7 31.Bxf7 Kxf7 32.Bb2 Bd8 33.Re6 Qd5 34.Rxa6 Rg8 35.Qe6+ Qxe6
36.Rexe6 Rg1+ 37.Ka2 Rxc2  0-1

[Event "Ostrava"]
[Site "Ostrava"]
[Date "1992.??.??"]
[Round "6"]
[White "Rublevsky, Sergei"]
[Black "Hoi, Carsten"]
[Result "1-0"]
[WhiteElo "2535"]
[BlackElo "2445"]

1.d4 Nf6 2.Nf3 g6 3.Bg5 h6 4.Bh4 Bg7 5.c3 O-O 6.Nbd2 d6 7.e4 Nc6 8.Bb5 Nh5
9.O-O Nf4 10.Bg3 g5 11.Bxf4 gxf4 12.Bxc6 bxc6 13.Re1 Rb8 14.Qc2 Bg4 15.h3 Bh5
16.b4 c5 17.bxc5 dxc5 18.dxc5 e6 19.e5 Qd5 20.Qa4 Qxc5 21.Qxf4 Bxf3 22.Nxf3 Qxc3
23.Rac1 Qa5 24.Nh2 Rb4 25.Qg3 Kh8 26.Ng4 c5 27.Qe3 Kh7 28.Rxc5 Qxa2 29.Rc7 a5
30.Qg3 Qd2 31.Re3 a4 32.Nf6+ Kh8 33.Kh2 Qd1 34.Qxg7+ Kxg7 35.Rg3+  1-0

[Event "Ostrava"]
[Site "Ostrava"]
[Date "1992.??.??"]
[Round "8"]
[White "Rublevsky, Sergei"]
[Black "Schmittdiel, Eckhard"]
[Result "1/2-1/2"]
[WhiteElo "2535"]
[BlackElo "2480"]

1.e4 e6 2.d4 d5 3.Nd2 c5 4.Ngf3 Nc6 5.exd5 exd5 6.Bb5 Bd6 7.dxc5 Bxc5 8.O-O Ne7
9.Nb3 Bd6 10.Re1 O-O 11.Bd3 h6 12.h3 Bf5 13.c3 Bc7 14.Bxf5 Nxf5 15.Qd3 Nce7
16.Be3 Nxe3 17.Qxe3 Re8 18.Rad1 Bb6 19.Qd3 Qc7 20.Nbd4 Ng6 21.Qf5 Qc4 22.a3 Rad8
23.Qg4 Qa2 24.Rxe8+ Rxe8 25.Rd2 Qb1+ 26.Kh2 Qf1 27.Qd7 Rd8 28.Qf5 Rd6 29.Ne5 Nxe5
30.Qxe5 Bc7 31.g3 Rf6 32.Qe8+ Kh7 33.Qe2 Qxe2 34.Rxe2 Bb6  1/2-1/2

[Event "Ostrava"]
[Site "Ostrava"]
[Date "1992.??.??"]
[Round "9"]
[White "Rasik, Vitezslav"]
[Black "Rublevsky, Sergei"]
[Result "1/2-1/2"]
[WhiteElo "2385"]
[BlackElo "2535"]

1.e4 c5 2.Nf3 e6 3.d4 cxd4 4.Nxd4 a6 5.Bd3 Nf6 6.O-O d6 7.c4 Bd7 8.Nc3 Nc6
9.Nxc6 Bxc6 10.Qe2 Be7 11.Rd1 Nd7 12.Bf4 O-O 13.Bc2 Qc7 14.Nd5 Bxd5 15.cxd5 e5
16.Be3 Rfc8 17.Rdc1 Qd8 18.Qd2 h6 19.Bd1 Nf6 20.Qb4 Qd7 21.h3 Bd8 22.Bf3 Kh7
23.a4 Be7 24.b3 Rxc1+ 25.Rxc1 Rc8 26.Rc4 Rxc4 27.Qxc4 Qd8 28.b4 g6 29.a5 Nd7
30.Qc1 h5 31.Bd1 Nf6 32.Qc4 Qd7 33.Ba7 Ne8 34.Be2 Nc7 35.Qc2 Kg7 36.Bb6 Na8
37.Bxa6 Nxb6 38.axb6 Bd8 39.Bf1 Bxb6 40.Qc4 Qc7 41.Qb5 Qd8 42.Qc4 Qe7 43.Qe2 Qg5
44.Qf3 h4 45.b5 f5 46.Bd3 Qd2 47.Qe2 Qf4 48.exf5 gxf5 49.Qf3 Qc1+ 50.Kh2 Qf4+  1/2-1/2

[Event "Ostrava"]
[Site "Ostrava"]
[Date "1992.??.??"]
[Round "11"]
[White "Rublevsky, Sergei"]
[Black "Luther, Thomas"]
[Result "1/2-1/2"]
[WhiteElo "2535"]
[BlackElo "2435"]

1.e4 c6 2.d4 d5 3.Nd2 dxe4 4.Nxe4 Bf5 5.Nc5 Qb6 6.Nf3 e6 7.Ne5 Nf6 8.Nc4 Qc7
9.g3 Nd5 10.Bg2 Bxc5 11.dxc5 O-O 12.Nd6 Na6 13.O-O Nxc5 14.Nxf5 exf5 15.Bxd5 Rad8
16.Bf4 Qe7 17.Re1 Qf6 18.Be5 Qg6 19.Bxf7+  1/2-1/2

[Event "Oviedo rapid45"]
[Site "Oviedo"]
[Date "1992.??.??"]
[Round "1"]
[White "Rublevsky, Sergei"]
[Black "Acosta Garcia, Alfonso Carlos"]
[Result "1-0"]
[WhiteElo "2505"]
[BlackElo "2345"]

1.e4 c5 2.Nf3 Nc6 3.d4 cxd4 4.Nxd4 g6 5.Nc3 Bg7 6.Nb3 Nf6 7.Be2 O-O 8.O-O d6
9.Bg5 Be6 10.Kh1 a5 11.a4 Rc8 12.f4 Nb4 13.Nd4 Bc4 14.Bh4 Qc7 15.Ndb5 Bxe2
16.Qxe2 Qc4 17.Rae1 Qxe2 18.Rxe2 Rfd8 19.Rd1 Kf8 20.Red2 Nh5 21.e5 d5 22.g3 Ke8
23.Ne2 Rxc2 24.g4 Nxf4 25.Rxc2 Nxc2 26.Nxf4 Bxe5 27.Nxd5  1-0

[Event "Oviedo rapid45"]
[Site "Oviedo"]
[Date "1992.??.??"]
[Round "3"]
[White "Rublevsky, Sergei"]
[Black "Whiteley, Andrew J"]
[Result "1-0"]
[WhiteElo "2505"]
[BlackElo "2345"]

1.e4 e6 2.d4 d5 3.Nd2 Nf6 4.Bd3 c5 5.e5 Nfd7 6.c3 Nc6 7.Ne2 cxd4 8.cxd4 Nb6
9.O-O Bd7 10.a3 a5 11.b3 Be7 12.Bb2 g6 13.Nf3 Kf8 14.Qd2 Kg7 15.Bc1 h6 16.Qf4 a4
17.b4 Na7 18.h4 Bb5 19.Bxb5 Nxb5 20.h5 Rc8 21.hxg6 fxg6 22.Qg4 h5 23.Qxe6 Rc6
24.Nf4 Nc7 25.Qh3 Qc8 26.e6 Nxe6 27.Re1 Nxf4 28.Rxe7+ Kf8 29.Qxc8+ Nxc8 30.Rxb7 Ne2+
31.Kh2 Nxc1 32.Ne5 Rc3 33.Nxg6+ Kg8 34.Nxh8 Kxh8 35.b5 Nd6 36.Rb8+ Kg7 37.b6 Nb3
38.b7 Nxa1 39.Rg8+ Kxg8 40.b8=Q+ Nc8 41.Qb2 Rc4 42.Qxa1 Kf7 43.Qb1 Nd6 44.Qh7+ Ke6
45.Qxh5 Rxd4 46.Qg6+ Ke5 47.Qg7+ Ke4 48.f3+ Kd3 49.Qg6+  1-0

[Event "Oviedo rapid45"]
[Site "Oviedo"]
[Date "1992.??.??"]
[Round "4"]
[White "Rodriguez Vargas, Orestes"]
[Black "Rublevsky, Sergei"]
[Result "0-1"]
[WhiteElo "2455"]
[BlackElo "2505"]

1.d4 d5 2.c4 dxc4 3.Nf3 Nf6 4.e3 e6 5.Bxc4 c5 6.O-O a6 7.a4 Nc6 8.Qe2 Be7
9.Rd1 Qc7 10.Nc3 O-O 11.d5 exd5 12.Bxd5 Bg4 13.h3 Bh5 14.g4 Bg6 15.e4 Nb4
16.Bc4 Rfe8 17.e5 Bf8 18.Bf4 Nd7 19.Bg3 Qc6 20.Nd5 Nxd5 21.Bxd5 Qc8 22.e6 fxe6
23.Bxe6+ Kh8 24.Kf1 Bc2 25.Rxd7 Bb3 26.Rad1 Rxe6 27.Ne5 Rxe5 28.Bxe5 Qc6
29.Kg1 Bxd1 30.Qxd1 Re8 31.Rc7 Qe4 32.Bc3  0-1

[Event "Oviedo rapid45"]
[Site "Oviedo"]
[Date "1992.??.??"]
[Round "6"]
[White "Sokolov, Ivan"]
[Black "Rublevsky, Sergei"]
[Result "1/2-1/2"]
[WhiteElo "2630"]
[BlackElo "2505"]

1.c4 e5 2.Nc3 Bb4 3.g3 Nf6 4.Bg2 O-O 5.e4 Bxc3 6.dxc3 d6 7.Ne2 Nbd7 8.O-O a6
9.Qc2 b5 10.cxb5 axb5 11.Rd1 Bb7 12.c4 bxc4 13.Qxc4 Nc5 14.f3 Ba6 15.Qc2 Bxe2
16.Qxe2 Nb3 17.Rb1 Nxc1 18.Rbxc1 Rxa2 19.f4 Qb8 20.Rc2 Re8 21.f5 h6 22.g4 Qb6+
23.Kh1 Rb8 24.Rb1 Ra3 25.b4 Re3 26.Qc4 Rb7 27.h3 Rg3 28.Ra1 Qe3 29.Ra8+ Kh7
30.Qxf7 Rxh3+ 31.Bxh3 Qxh3+ 32.Kg1 Qxg4+ 33.Rg2 Qd1+ 34.Kh2 Qh5+ 35.Qxh5 Nxh5
36.Rc2 Nf6 37.Rc4 d5 38.exd5 Nxd5 39.Rc5 Ne3 40.Rf8 Rxb4 41.Kg1 Rf4 42.Rxc7 Rxf5
43.Rxf5 Nxf5 44.Rc5 Nd4 45.Kf2  1/2-1/2

[Event "Pardubice op"]
[Site "Pardubice"]
[Date "1992.??.??"]
[Round "6"]
[White "Rublevsky, Sergei"]
[Black "Tunik, Gennady"]
[Result "1/2-1/2"]
[WhiteElo "2535"]
[BlackElo "2480"]

1.d4 Nf6 2.Nf3 e6 3.Bg5 c5 4.e3 Be7 5.dxc5 Qa5+ 6.Nbd2 Qxc5 7.Bd3 d6 8.O-O Nbd7
9.c4 h6 10.Bh4 O-O 11.Nd4 Re8 12.Rc1 Bf8 13.Bb1 a6 14.Bg3 Qh5 15.Ne4 Qxd1
16.Rfxd1 Nxe4 17.Bxe4 Nf6 18.Bf3 e5 19.Nb3 a5 20.Nd2 Bd7 21.Nb1 Rac8 22.Be2 Ne4
23.Nc3 Nxc3 24.Rxc3 Be6 25.e4 Rc6 26.f3 Rec8 27.Rdc1 Be7 28.Bf2 Bd8 29.b3 Bb6
30.Bxb6 Rxb6 31.Kf2 Rbc6 32.Ke3 Kf8 33.Kd2 Ke7 34.Bd3 g6 35.R3c2 f5 36.Ke3 f4+
37.Kd2 g5 38.h3 h5 39.Rh1 a4 40.Rcc1 axb3 41.axb3 Ra8 42.Ra1 Rca6 43.Rxa6 Rxa6
44.Kc3 Ra2 45.Bc2 Kd7 46.Rg1 Kc6 47.g4 h4 48.Rd1 b6 49.Rd2 Ra5 50.Rd1 Ra2
51.Rd2 Bc8 52.Bb1 Rxd2 53.Kxd2 Be6  1/2-1/2

[Event "RUS-chT"]
[Site "Podolsk"]
[Date "1992.??.??"]
[Round "?"]
[White "Rublevsky, Sergei"]
[Black "Sergienko, Sergey"]
[Result "1-0"]
[WhiteElo "2505"]
[BlackElo "2370"]

1.e4 c5 2.Nf3 e6 3.Nc3 d6 4.d4 cxd4 5.Nxd4 Nf6 6.Bc4 Be7 7.Bb3 O-O 8.Be3 Na6
9.Qf3 Nc5 10.O-O-O Qc7 11.g4 a6 12.g5 Nfd7 13.Rhg1 b5 14.Qh5 g6 15.Qh6 Re8
16.Rg3 Bf8 17.Qh4 Bg7 18.Nde2 Nxb3+ 19.axb3 b4 20.Na4 Rb8 21.Rh3 Nf8 22.Kb1 Bd7
23.Nc1 Bxa4 24.bxa4 Bxb2 25.Nb3 Rec8 26.Rd2 Bc3 27.Re2 Qc6 28.a5 Qb5 29.Qg4 Rc4
30.Bc1 Rbc8 31.Qf3 Qc6 32.Qd3 Bg7 33.Rhe3 Rc3 34.Qd1 Nd7 35.Rd2 Rxe3 36.fxe3 Be5
37.Bb2 Bxb2 38.Rxd6 Qc3 39.Rxd7 Kg7 40.Qd4+ Qxd4 41.exd4 Bc3 42.Nc5 Bxd4
43.Nxe6+  1-0